[Event "Titled Tue 20th May Early"]
[Site "chess.com INT"]
[Date "2025.05.20"]
[Round "8"]
[White "Mattenberger, Matthias"]
[Black "Khodashenas, Mersad"]
[Result "0-1"]
[WhiteTitle "FM"]
[BlackTitle "IM"]
[WhiteElo "2286"]
[BlackElo "2471"]
[WhiteFideId "1339958"]
[BlackFideId "12514195"]
[EventDate "2025.05.20"]

1. e4 e5 2. Nf3 Nf6 3. Nc3 Nc6 4. Bb5 Nd4 5. O-O Nxb5 6. Nxb5 d6 7. d4 exd4 8.
Nfxd4 Be7 9. Re1 O-O 10. Bf4 Bd7 11. a4 a6 12. Nc3 Re8 13. Qd2 h6 14. h3 Bf8 15.
Rad1 g5 16. Bg3 Nh5 17. Bh2 Bg7 18. b3 Bc6 19. Nd5 Bxd5 20. exd5 Qf6 21. c3 Qg6
22. Re3 Nf6 23. c4 Ne4 24. Qd3 Nc5 25. Qxg6 fxg6 26. Ne6 Nxe6 27. dxe6 Re7 28.
Rde1 Rae8 29. Re4 Be5 30. Bxe5 Rxe6 31. Kf1 Rxe5 32. Rxe5 Rxe5 33. Rd1 Kf7 34.
Rd3 Ke6 35. Rf3 Rf5 36. Re3+ Kd7 37. Rd3 c6 38. Re3 b5 39. axb5 axb5 40. cxb5
Rxb5 41. Rf3 Rf5 42. Rd3 c5 43. Ke2 Kc6 44. f3 Re5+ 45. Kf2 d5 46. g3 Kb5 47. f4
gxf4 48. gxf4 Rf5 49. Kg3 Kb4 50. Kg4 c4 51. bxc4 dxc4 52. Rd6 c3 53. Rb6+ Rb5
54. Re6 c2 55. Re1 Kc3 0-1

[Event "Titled Tue 20th May Early"]
[Site "chess.com INT"]
[Date "2025.05.20"]
[Round "8"]
[White "Shymanskyi, Oleksandr"]
[Black "Jiganchine, Roman"]
[Result "1-0"]
[WhiteTitle "FM"]
[BlackTitle "CM"]
[WhiteElo "2218"]
[BlackElo "2205"]
[WhiteFideId "14168880"]
[BlackFideId "2603667"]
[EventDate "2025.05.20"]

1. e4 e5 2. Nf3 Nc6 3. Bb5 f5 4. exf5 e4 5. Qe2 Nf6 6. d3 d5 7. dxe4 dxe4 8. Nc3
Bb4 9. Bxc6+ bxc6 10. Bd2 Bxc3 11. Bxc3 O-O 12. Qc4+ Kh8 13. Ne5 Qd5 14. Qxc6
Bxf5 15. Rd1 Qxc6 16. Nxc6 e3 17. fxe3 Bxc2 18. Rd2 Be4 19. Ne5 Nd5 20. Bd4 Rae8
21. Rf1 Rxf1+ 22. Kxf1 c5 23. Bc3 Nxc3 24. bxc3 h5 25. Nf7+ Kg8 26. Nd6 Rf8+ 27.
Kg1 Bc6 28. e4 Rb8 29. e5 Kf8 30. Rf2+ Ke7 31. Nf5+ Ke6 32. Nxg7+ Kxe5 33. h3 h4
34. Nf5 Rb1+ 35. Kh2 a5 36. Nxh4 a4 37. Rf5+ Kd6 38. Rf6+ Kc7 39. g4 Rb2+ 40.
Kg3 Rxa2 41. Rf1 Rb2 42. g5 a3 43. Ra1 a2 44. Nf5 Bd5 45. Ne3 Bf7 46. c4 Rb3 47.
Kf4 Rb2 48. h4 Kd6 49. Kg4 Re2 50. Nf5+ Ke6 51. Ng3 Rb2 52. h5 Ke7 53. g6 Bxc4
54. h6 Rb1 55. Rxa2 Bxa2 56. h7 Rb8 57. g7 Bg8 58. h8=Q Be6+ 59. Kg5 Rc8 60.
Qxc8 Bxc8 61. g8=Q Be6 62. Qg7+ Kd6 63. Qc3 c4 64. Kf4 Kc5 65. Ne4+ 1-0

[Event "Titled Tue 20th May Early"]
[Site "chess.com INT"]
[Date "2025.05.20"]
[Round "8"]
[White "Katishonok, Nikolaj"]
[Black "Nouali, Mohamed"]
[Result "0-1"]
[WhiteTitle "FM"]
[BlackTitle "FM"]
[WhiteElo "2004"]
[BlackElo "2157"]
[WhiteFideId "11600225"]
[BlackFideId "5502462"]
[EventDate "2025.05.20"]

1. Nf3 Nf6 2. c4 g6 3. b3 Bg7 4. Bb2 O-O 5. g3 d5 6. cxd5 Qxd5 7. Bg2 Nc6 8. O-O
Qh5 9. Nc3 Bh3 10. Rb1 Ng4 11. Ne4 Bxb2 12. Rxb2 Nd4 13. Nh4 Bxg2 14. Kxg2 g5
15. e3 gxh4 16. exd4 hxg3 17. h3 Qd5 18. Qxg4+ Kh8 19. Qf3 gxf2 20. Nxf2 Qxd4
21. Qc3 Rg8+ 22. Kf3 Rad8 23. Qxd4+ Rxd4 24. Rc2 c6 25. Ke3 e5 26. Ne4 Rg7 27.
Rc5 Rd5 28. Rxd5 cxd5 29. Nf6 Rg3+ 30. Ke2 d4 31. Rf3 Rg2+ 32. Kd3 Kg7 33. Nd7
e4+ 34. Kxe4 Rxd2 35. Ne5 f6 36. Rg3+ Kf8 37. Ng4 Ke7 38. a4 h5 39. Nh6 Ke6 40.
Rd3 Rb2 41. Kxd4 a6 42. Re3+ Kd7 43. Nf5 Rh2 44. Ng7 h4 45. Nf5 Rf2 46. Nxh4
Rf4+ 47. Re4 Rf1 48. Ng6 Ra1 49. Re3 Rb1 50. h4 Rh1 51. Ke4 b5 52. Kf5 bxa4 53.
bxa4 Kc6 54. Re4 Kc5 55. Rf4 a5 56. Kxf6 Kd5 57. Kg5 Rg1+ 58. Rg4 Rh1 59. h5 Ke6
60. h6 Kf7 61. Rf4+ Ke6 62. Rc4 Rg1+ 0-1

[Event "Titled Tue 20th May Early"]
[Site "chess.com INT"]
[Date "2025.05.20"]
[Round "8"]
[White "Klukin, Kirill"]
[Black "Nagare Kaivalya Sandip"]
[Result "1/2-1/2"]
[WhiteTitle "IM"]
[BlackTitle "FM"]
[WhiteElo "2407"]
[BlackElo "2321"]
[WhiteFideId "24199273"]
[BlackFideId "25957929"]
[EventDate "2025.05.20"]

1. d4 Nf6 2. Nf3 g6 3. e3 Bg7 4. c4 O-O 5. Nc3 c6 6. Be2 d5 7. O-O dxc4 8. Bxc4
b5 9. Be2 Bb7 10. b3 a6 11. Bb2 Nbd7 12. Rc1 c5 13. a4 cxd4 14. Nxd4 e5 15. Nf3
e4 16. Nd4 b4 17. Nb1 Qb6 18. Nd2 Ne5 19. Nc4 Nxc4 20. Bxc4 Rfd8 21. Qe2 Nd5 22.
Rfd1 Nc3 23. Bxc3 bxc3 24. Rxc3 Bxd4 25. exd4 Rxd4 26. Rxd4 Qxd4 27. Rc1 a5 28.
Rd1 Qf6 29. Rd7 Ba6 30. h3 Qa1+ 31. Qf1 Qxf1+ 32. Kxf1 Bxc4+ 33. bxc4 Rb8 34. c5
Rb1+ 35. Ke2 Rc1 36. Ke3 Rxc5 37. Kxe4 Rc2 38. Ke3 Ra2 39. Rd4 h5 40. Rc4 Kg7
41. Kf3 Kf6 42. Rc6+ Ke7 43. Rc4 Kd6 44. g4 hxg4+ 45. hxg4 Rb2 46. Ke3 f6 47. f3
Kd5 48. Rd4+ Kc5 49. Rf4 Rb3+ 50. Kd2 Rb6 51. Kc3 Kd5 52. Rd4+ Ke5 53. Re4+ Kd5
54. Rd4+ Ke5 55. f4+ Ke6 56. Kc4 Rb4+ 57. Kc5 Rxd4 58. Kxd4 Kd6 59. Kc4 Kc6 60.
g5 f5 61. Kd4 Kd6 62. Kc4 Kc6 63. Kd4 Kd6 64. Kc4 Kc6 1/2-1/2

[Event "Titled Tue 20th May Early"]
[Site "chess.com INT"]
[Date "2025.05.20"]
[Round "8"]
[White "Wijerathna, Vinuka Dihain"]
[Black "Toroptseva, Yevheniia"]
[Result "1-0"]
[WhiteTitle "CM"]
[BlackTitle "WFM"]
[WhiteElo "2063"]
[BlackElo "2064"]
[WhiteFideId "29981905"]
[BlackFideId "34109374"]
[EventDate "2025.05.20"]

1. e4 c5 2. Nc3 Nc6 3. Bb5 Nd4 4. Nf3 e6 5. Bd3 a6 6. O-O Nc6 7. Nd5 Nf6 8. Re1
Be7 9. Nxf6+ Bxf6 10. e5 Be7 11. c3 O-O 12. Qc2 g6 13. Be4 d5 14. exd6 Qxd6 15.
d4 cxd4 16. Bh6 Rd8 17. Rad1 Bf6 18. cxd4 Nb4 19. Qb3 Nd5 20. Ne5 Bg7 21. Bxg7
Kxg7 22. Qf3 Qe7 23. Bxd5 Rxd5 24. Nxg6 Qf6 25. Nf4 Rf5 26. Nh5+ Rxh5 27. Qxh5
Bd7 28. Re5 h6 29. Qg4+ Kh7 30. Re3 Rg8 31. Qe4+ Kg7 32. Rg3+ Kf8 33. Qe5 Qxe5
34. dxe5 Rxg3 35. hxg3 Ke7 36. f4 Bc6 37. g4 Bd5 38. b3 f5 39. gxf5 Kf7 40. f6
h5 41. Kf2 b6 42. Kg3 Kg6 43. Kh4 a5 44. g4 hxg4 45. Kxg4 Kf7 46. Rxd5 exd5 47.
Kf5 b5 48. e6+ Kf8 49. Ke5 Ke8 50. Kxd5 Kf8 51. Kc5 a4 52. bxa4 bxa4 53. Kb4 a3
54. Ka4 Ke8 55. Kxa3 Kf8 56. Kb4 Ke8 57. Kc5 Kf8 58. Kd6 Ke8 59. a4 Kf8 60. a5
Kg8 61. a6 Kh7 62. a7 Kg6 63. a8=Q Kf5 64. Qf3 Kg6 65. Qg4+ Kh7 66. e7 Kh8 67.
e8=Q+ Kh7 68. Qeg8+ Kh6 69. Qh8# 1-0

[Event "Titled Tue 20th May Early"]
[Site "chess.com INT"]
[Date "2025.05.20"]
[Round "8"]
[White "Yushko, Olga"]
[Black "Garcia Garcia, Adrian Antonio"]
[Result "0-1"]
[WhiteTitle "WFM"]
[BlackTitle "CM"]
[WhiteElo "2036"]
[BlackElo "2157"]
[WhiteFideId "14114500"]
[BlackFideId "2206587"]
[EventDate "2025.05.20"]

1. d4 Nf6 2. c4 e6 3. Nc3 d5 4. cxd5 exd5 5. Bg5 c6 6. e3 Bd6 7. Bd3 Nbd7 8.
Nge2 h6 9. Bh4 Qb6 10. Rb1 O-O 11. O-O Re8 12. a3 Be7 13. b4 Nf8 14. Na4 Qd8 15.
Qc2 Ne4 16. Bxe7 Qxe7 17. Nc5 Nxc5 18. dxc5 Ne6 19. Rfc1 Qh4 20. b5 Ng5 21. Ng3
d4 22. Qa4 Bd7 23. Qxd4 Qxd4 24. exd4 Rad8 25. bxc6 Bxc6 26. Nf5 g6 27. Nd6 Re7
28. Bc4 Kg7 29. d5 b5 30. Bxb5 Bxd5 31. h4 Ne6 32. Rd1 Ba8 33. c6 Rc7 34. Rbc1
a6 35. Ba4 Kf8 36. Kf1 Ke7 37. Ne4 Rxd1+ 38. Rxd1 Bxc6 39. Bxc6 Rxc6 40. Nd2 Rc3
41. Nb1 Rc2 42. Ke1 Nf4 43. Nd2 Nxg2+ 44. Ke2 Nxh4 45. Rb1 Nf5 46. Rb7+ Kf8 47.
Rb8+ Kg7 48. Rb6 a5 49. Ra6 h5 50. Rxa5 Nd4+ 51. Kd3 Rxd2+ 52. Kxd2 Nb3+ 53. Kc3
Nxa5 54. Kb4 h4 55. Kxa5 h3 56. Kb6 h2 57. a4 h1=Q 58. a5 Qa8 59. a6 Kf6 60. a7
Kf5 61. f3 Kf4 62. Ka6 Kxf3 0-1

[Event "Titled Tue 20th May Early"]
[Site "chess.com INT"]
[Date "2025.05.20"]
[Round "8"]
[White "Logachiov, Aleksandr"]
[Black "Bayaca, Sterling"]
[Result "0-1"]
[WhiteTitle "CM"]
[BlackTitle "FM"]
[WhiteElo "2129"]
[BlackElo "2231"]
[WhiteFideId "24123706"]
[BlackFideId "3227790"]
[EventDate "2025.05.20"]

1. d4 Nf6 2. Bg5 Ne4 3. Bf4 d5 4. e3 c5 5. Bd3 cxd4 6. exd4 Nc6 7. c3 Bf5 8. Ne2
e6 9. Ng3 Nxg3 10. Bxg3 Bg6 11. O-O Bd6 12. Qf3 O-O 13. Nd2 Rb8 14. Bxg6 hxg6
15. Qd3 Ne7 16. Rfe1 Nf5 17. Be5 Qb6 18. b4 Rbc8 19. a4 Bxe5 20. dxe5 d4 21. a5
Qc6 22. c4 Rfd8 23. Rec1 Qc7 24. Nf3 g5 25. h3 Nh4 26. Nxh4 gxh4 27. Qe4 d3 28.
Qxh4 Qxe5 29. Re1 Qd4 30. Qg5 d2 31. Red1 Qxc4 32. b5 Rd5 33. Qe3 Qxb5 34. Rxd2
Rxd2 35. Qxd2 b6 36. axb6 axb6 37. Qe3 Qc5 38. Qd2 Qc3 39. Qa2 Qc6 40. Rb1 Rb8
41. Qb3 b5 42. Qb4 Qb6 43. Rb2 g6 44. Rb1 Qc6 45. Rb2 Rb7 46. Rb1 Qb6 47. Rb2
Qc7 48. Rb1 Rb6 49. Rb2 Rc6 50. Qxb5 Rc1+ 51. Qf1 Rxf1+ 52. Kxf1 Qc1+ 53. Ke2
Qxb2+ 54. Kf3 Qb7+ 55. Kg4 Qd5 56. f4 Qxg2+ 57. Kh4 f6 58. f5 Qg5# 0-1

[Event "Titled Tue 20th May Early"]
[Site "chess.com INT"]
[Date "2025.05.20"]
[Round "8"]
[White "Odegov, Artem"]
[Black "Shuvalov, Evgenij"]
[Result "1/2-1/2"]
[WhiteTitle "FM"]
[WhiteElo "2244"]
[BlackElo "1986"]
[WhiteFideId "34183644"]
[BlackFideId "4187237"]
[EventDate "2025.05.20"]

1. d4 Nf6 2. Nf3 g6 3. c3 Bg7 4. Bf4 d6 5. Nbd2 O-O 6. e4 c5 7. dxc5 dxc5 8. Bc4
Nc6 9. O-O Nh5 10. Be3 b6 11. Qc2 Bb7 12. Rad1 Qc7 13. Rfe1 Rad8 14. Bf1 Nf6 15.
h3 Nd7 16. Bg5 h6 17. Bh4 Nde5 18. Bg3 Qc8 19. Nxe5 Nxe5 20. Nc4 Nxc4 21. Bxc4
Ba6 22. Qb3 Bxc4 23. Qxc4 Qc6 24. a4 e6 25. Bh4 g5 26. Bg3 Bf6 27. e5 Be7 28. h4
Rxd1 29. Rxd1 Rd8 30. Rxd8+ Bxd8 31. hxg5 hxg5 32. Qa6 Qd7 33. Kh2 f5 34. exf6
Qh7+ 35. Kg1 Qb1+ 36. Qf1 Qxf1+ 37. Kxf1 Bxf6 38. Bb8 a6 39. Ba7 Bd8 40. Ke2 c4
41. Ke3 b5 42. axb5 axb5 43. Kd4 Be7 44. Bc5 Bf6+ 45. Ke4 Kf7 46. Bd6 Ke8 47.
Be5 Be7 48. g4 Kf7 49. f3 Ke8 50. Bd4 Kf7 51. Be3 Kf6 52. Bd4+ Kf7 53. Bg1 Bd6
54. Be3 Kf6 55. f4 gxf4 56. Bxf4 Bc5 57. g5+ Kg6 58. Ke5 Kf7 59. g6+ Kxg6 60.
Kxe6 b4 61. Bd2 bxc3 62. Bxc3 Be3 63. Kd5 Bc1 64. b4 cxb3 65. Kc4 b2 66. Bxb2 1/2-1/2

[Event "Titled Tue 20th May Early"]
[Site "chess.com INT"]
[Date "2025.05.20"]
[Round "8"]
[White "Chekletsov, Ilya"]
[Black "Williams, Simon K"]
[Result "0-1"]
[WhiteTitle "IM"]
[BlackTitle "GM"]
[WhiteElo "2338"]
[BlackElo "2445"]
[WhiteFideId "24177156"]
[BlackFideId "404454"]
[EventDate "2025.05.20"]

1. e4 c5 2. a3 g6 3. b4 Bg7 4. Nc3 d6 5. Rb1 Nc6 6. g3 Nf6 7. Bg2 O-O 8. h3 Rb8
9. Nge2 b6 10. O-O Bb7 11. d3 Nd4 12. Bd2 Nd7 13. f4 e6 14. Kh2 f5 15. Be3 Nxe2
16. Nxe2 d5 17. exf5 exf5 18. d4 Re8 19. Qd2 c4 20. Nc3 Nf6 21. Rbe1 Qd7 22. Bf2
Ne4 23. Nxe4 dxe4 24. c3 Bd5 25. Be3 a5 26. Ra1 Ra8 27. Qb2 Ra7 28. Ra2 Rea8 29.
Rfa1 Qa4 30. b5 Qb3 31. a4 Qxb2 32. Rxb2 h6 33. g4 Kf7 34. Kg3 Bf6 35. Rh1 Be6
36. g5 hxg5 37. fxg5 Be7 38. Bf4 Rh8 39. Be5 Rh7 40. h4 Rd7 41. Kf4 Bd6 42. Bxd6
Rxd6 43. Bf1 Bd5 44. Rh3 Re6 45. Rbh2 Re8 46. h5 gxh5 47. Rxh5 Rxh5 48. Rxh5 e3
49. Be2 Be4 50. Bxc4+ Kg7 51. Be2 Bc2 52. Rh6 Rb8 53. Kxe3 Bxa4 54. Rc6 Bb3 55.
Kf4 a4 56. Kxf5 Rb7 57. Rc8 Ra7 58. Bd3 a3 59. Bb1 Bc2+ 60. Bxc2 a2 61. Rc6 a1=Q
62. Rg6+ Kf8 63. Rf6+ Rf7 64. g6 Rxf6+ 65. Kxf6 Qf1+ 66. Kg5 Kg7 67. Bf5 Qxb5
68. Kg4 Qc4 69. Kg5 Qxc3 70. d5 Qe5 71. Kg4 Qxd5 72. Kg5 0-1

[Event "Titled Tue 20th May Early"]
[Site "chess.com INT"]
[Date "2025.05.20"]
[Round "8"]
[White "Ostensen, Nicolai Maxime"]
[Black "Cunha, Lucas Aguiar"]
[Result "1-0"]
[WhiteTitle "FM"]
[BlackTitle "FM"]
[WhiteElo "2283"]
[BlackElo "2254"]
[WhiteFideId "1546970"]
[BlackFideId "2125404"]
[EventDate "2025.05.20"]

1. e4 c5 2. Nf3 Nc6 3. Bb5 g6 4. O-O Bg7 5. d3 e5 6. Bxc6 bxc6 7. Be3 d6 8. Qc1
h5 9. h3 Ne7 10. Nc3 f6 11. Ne2 g5 12. Nd2 g4 13. h4 f5 14. exf5 Nxf5 15. Bg5
Bf6 16. Ne4 Bxg5 17. hxg5 h4 18. f4 g3 19. Nf6+ Ke7 20. Nc3 c4 21. dxc4 Qb6+ 22.
Kh1 h3 23. Ncd5+ cxd5 24. Nxd5+ Ke6 25. Nxb6 hxg2+ 26. Kxg2 Rh2+ 27. Kg1 axb6
28. Rf3 Bb7 29. Rxg3 Nxg3 30. Kxh2 Ne2 31. f5+ Kxf5 32. Qf1+ Nf4 33. Kg3 Rg8 34.
Kf2 Rxg5 35. Ke3 Rg3+ 36. Kd2 Rg2+ 37. Kc3 Rg3+ 38. Kb4 Ke6 39. Qd1 Be4 40. a4
Rg2 41. Rc1 Ne2 42. b3 Nxc1 43. Qxc1 Rxc2 44. Qe3 Kd7 45. Qxb6 Rb2 46. Qe3 Bc2
47. Qa7+ Ke6 48. Kc3 Ra2 49. Qb6 Be4 50. a5 Ra1 51. a6 Ra2 52. a7 Ra1 53. Qb8
Ra2 54. b4 Ra1 55. b5 Rc1+ 56. Kd2 Ra1 57. b6 Ra2+ 58. Ke3 Bc6 59. b7 Ra3+ 60.
Kd2 Ra2+ 61. Kc3 Bxb7 62. Qxb7 1-0

[Event "Titled Tue 20th May Early"]
[Site "chess.com INT"]
[Date "2025.05.20"]
[Round "8"]
[White "Andrade, Ivan"]
[Black "Krzywda, Andrzej"]
[Result "0-1"]
[WhiteTitle "FM"]
[BlackTitle "CM"]
[WhiteElo "2161"]
[BlackElo "2175"]
[WhiteFideId "14800039"]
[BlackFideId "1114565"]
[EventDate "2025.05.20"]

1. e4 e5 2. Nf3 Nf6 3. Nxe5 d6 4. Nf3 Nxe4 5. Nc3 Nxc3 6. dxc3 Be7 7. Be3 Nd7 8.
Qd2 Ne5 9. O-O-O Nxf3 10. gxf3 Be6 11. Bd3 Qd7 12. Kb1 O-O-O 13. Rhg1 g6 14. Bd4
Rhe8 15. Qh6 c5 16. Bg7 Qa4 17. b3 Qh4 18. Qxh4 Bxh4 19. f4 Bxf2 20. Rgf1 Bh4
21. f5 gxf5 22. Bxf5 Rg8 23. Bh6 Rg2 24. Bxh7 Rxh2 25. Bf4 Rh3 26. Rxd6 Rxc3 27.
Rxd8+ Bxd8 28. Bd3 c4 29. Be5 Rxd3 30. cxd3 cxd3 31. Bc3 Bg5 32. Rf2 Kd7 33. Bd2
Be7 34. Kb2 Bd5 35. Kc3 Be4 36. Rxf7 Ke6 37. Rf1 Bf6+ 38. Kc4 a6 39. Bc3 b5+ 40.
Kb4 Be7+ 41. Ka5 Kd5 42. Kxa6 b4 43. Bd2 Bc5 44. Re1 Bd4 45. Rf1 Bc3 46. Rf2 Kd4
47. Rh2 Bxd2 48. Rxd2 Kc3 49. Rh2 d2 50. Rxd2 Kxd2 51. Kb5 Kc3 52. Ka4 Bc6+ 53.
Ka5 Bd5 54. Ka4 Be6 55. a3 Bxb3+ 56. Kb5 bxa3 0-1

[Event "Titled Tue 20th May Early"]
[Site "chess.com INT"]
[Date "2025.05.20"]
[Round "8"]
[White "Bahmani, Koorosh"]
[Black "Beniosev, Daniel"]
[Result "1-0"]
[WhiteTitle "CM"]
[BlackTitle "CM"]
[WhiteElo "2208"]
[BlackElo "2010"]
[WhiteFideId "42576750"]
[BlackFideId "11632674"]
[EventDate "2025.05.20"]

1. Nf3 c5 2. g3 Nc6 3. d4 cxd4 4. Nxd4 g6 5. Bg2 Bg7 6. Nxc6 bxc6 7. O-O Nf6 8.
c4 O-O 9. Nc3 Rb8 10. b3 Qc7 11. Bb2 d6 12. Rc1 Bd7 13. Qc2 Rfc8 14. Rfd1 Qa5
15. Qd2 Kh8 16. Qe3 Re8 17. Rd2 Qh5 18. h4 Bh6 19. f4 Kg8 20. Qd3 Qc5+ 21. e3
Ng4 22. Re1 Bf5 23. Be4 Rbd8 24. Bxf5 gxf5 25. Kg2 Bg7 26. Na4 Qa5 27. Bxg7 Kxg7
28. e4 fxe4 29. Rxe4 Nf6 30. Ree2 e5 31. fxe5 Rxe5 32. Rxe5 Qxe5 33. Re2 Qa1 34.
Nc3 d5 35. cxd5 cxd5 36. Qd4 Rc8 37. Re3 Qb2+ 38. Kh3 Qa1 39. Kg2 Qb2+ 40. Kf3
Qa1 41. Ke2 Qb2+ 42. Qd2 Qxd2+ 43. Kxd2 d4 44. Re7 dxc3+ 45. Kc2 Kg6 46. Rxa7
Nh5 47. Ra6+ f6 48. g4 Nf4 49. g5 Rf8 50. Kxc3 Kf5 51. gxf6 Rxf6 52. Rxf6+ Kxf6
53. a4 Ke6 54. Kd4 Kd6 55. Ke4 Ng6 56. h5 Ne7 57. b4 h6 58. b5 Kc5 59. Ke5 Kb6
60. Kf6 Nd5+ 61. Kg6 Ka5 62. Kxh6 Kxa4 63. Kg5 Kxb5 64. h6 Nc7 65. h7 Ne6+ 66.
Kh6 1-0

[Event "Titled Tue 20th May Early"]
[Site "chess.com INT"]
[Date "2025.05.20"]
[Round "8"]
[White "Ghosh, Chanchal Kumer"]
[Black "Bruhovich, Olexandr"]
[Result "0-1"]
[WhiteTitle "CM"]
[BlackTitle "CM"]
[WhiteElo "2018"]
[BlackElo "2208"]
[WhiteFideId "10201858"]
[BlackFideId "14119919"]
[EventDate "2025.05.20"]

1. e4 c5 2. Nf3 d6 3. d4 cxd4 4. Nxd4 Nf6 5. Nc3 a6 6. Be2 e5 7. Nb3 Be7 8. f4
exf4 9. Bxf4 Nc6 10. O-O O-O 11. Kh1 Ne5 12. Be3 b5 13. Nd5 Nxe4 14. Bb6 Qd7 15.
Bf3 Nxf3 16. Qxf3 f5 17. Rad1 Bb7 18. Qf4 Rae8 19. Nxe7+ Qxe7 20. Nd4 g6 21. Nf3
g5 22. Qc1 h6 23. Bd4 Kh7 24. b3 g4 25. Nd2 Qh4 26. Nxe4 Rxe4 27. Bf2 Qh5 28.
Rxd6 Re7 29. Be3 f4 30. Bxf4 Rxf4 31. Qxf4 Rg7 32. Qf5+ Qxf5 33. Rxf5 g3 34.
hxg3 Be4 35. Rf4 Bxc2 36. g4 Re7 37. Kh2 Kg7 38. Rff6 Re2 39. Rxh6 Be4 40. Rhe6
Rxg2+ 41. Kh3 Re2 42. Re7+ Kf8 43. Rde6 Bg2+ 44. Kg3 Rxa2 45. Re2 Rxe2 46. Rxe2
Bd5 47. Re3 a5 48. Kf4 a4 49. bxa4 bxa4 50. Re5 Bb3 51. Ra5 Ke7 52. Ra6 Kd7 53.
Ke5 Kc7 54. g5 Kb7 55. Ra5 Kb6 56. Ra8 Kb7 57. Ra5 Kb6 58. Rc5 Kxc5 59. g6 a3 0-1

[Event "Titled Tue 20th May Early"]
[Site "chess.com INT"]
[Date "2025.05.20"]
[Round "8"]
[White "Laddha, Shubh Jayesh"]
[Black "Aghaei, Alireza"]
[Result "0-1"]
[WhiteTitle "FM"]
[BlackTitle "CM"]
[WhiteElo "2303"]
[BlackElo "2204"]
[WhiteFideId "30942799"]
[BlackFideId "12509914"]
[EventDate "2025.05.20"]

1. e4 e6 2. d4 d5 3. Nc3 Nf6 4. e5 Nfd7 5. f4 c5 6. Nf3 Nc6 7. Be3 cxd4 8. Nxd4
Bc5 9. Qd2 O-O 10. O-O-O a6 11. Nb3 Bb4 12. a3 Be7 13. h4 b5 14. Na2 Nb6 15.
Bxb6 Qxb6 16. Bd3 a5 17. c3 b4 18. Bc2 bxa3 19. Qd3 g6 20. h5 f5 21. exf6 Rxf6
22. hxg6 hxg6 23. Rh6 Kf7 24. Rxg6 a4 25. Rxf6+ Bxf6 26. Qh7+ Bg7 27. Qg6+ Kf8
28. Nd4 Qxb2+ 29. Kd2 Nxd4 30. cxd4 Qxa2 31. Rb1 Qc4 32. Bd3 Qxd4 33. Rh1 Qxf4+
34. Ke2 Qe5+ 35. Kd2 Qc3+ 36. Ke2 Qb2+ 37. Ke3 Qd4+ 38. Ke2 Qb2+ 39. Ke3 Qe5+
40. Kd2 Qb2+ 41. Bc2 Qc3+ 42. Ke2 Qe5+ 43. Kd1 Qd4+ 44. Bd3 Qa1+ 45. Bb1 Qd4+
46. Bd3 Qa1+ 47. Bb1 Qd4+ 48. Ke2 Qe5+ 49. Kf2 Qf6+ 50. Qxf6+ Bxf6 51. Ke2 Ba6+
52. Ke3 Bc4 53. Bc2 a2 54. g4 a1=Q 55. Rh7 Bg7 56. Kf4 Qc3 57. Kg5 Qe5+ 58. Kh4
Qf6+ 59. g5 Qf4+ 60. Kh5 Be2+ 61. Kg6 Qf7# 0-1

[Event "Titled Tue 20th May Early"]
[Site "chess.com INT"]
[Date "2025.05.20"]
[Round "8"]
[White "Troltenier, Dirk"]
[Black "Sharankov, Grigory"]
[Result "0-1"]
[WhiteTitle "FM"]
[BlackTitle "CM"]
[WhiteElo "2174"]
[BlackElo "2238"]
[WhiteFideId "4606400"]
[BlackFideId "4168356"]
[EventDate "2025.05.20"]

1. e4 c6 2. d4 d5 3. exd5 cxd5 4. Bd3 Nc6 5. c3 Nf6 6. h3 e5 7. dxe5 Nxe5 8. Nf3
Nxd3+ 9. Qxd3 Bd6 10. O-O O-O 11. Bg5 h6 12. Be3 Re8 13. Bd4 Ne4 14. Nbd2 Bf5
15. Qb5 Nxd2 16. Nxd2 Bxh3 17. Nf3 Bg4 18. Nh2 Be6 19. Qxb7 Qh4 20. Nf3 Qh5 21.
Qa6 Rad8 22. Rfe1 Bb8 23. Qb5 g5 24. Be5 g4 25. Bxb8 Rxb8 26. Re5 Qg6 27. Qe2
gxf3 28. Qxf3 Bg4 29. Qxd5 Red8 30. Qe4 Qxe4 31. Rxe4 Be6 32. b3 Rd2 33. c4 a5
34. Re3 a4 35. Rc3 a3 36. c5 Kf8 37. c6 Ke7 38. Kf1 Rb2 39. c7 Rc8 40. Ke1 h5
41. g3 Kd6 42. Kf1 Ke7 43. Kg1 Rd2 44. Kf1 Rd7 45. Rac1 Bh3+ 46. Kg1 Be6 47. Kh2
h4 48. gxh4 Rd4 49. Kg3 Rg4+ 50. Kf3 Rxh4 51. Re3 Rh3+ 52. Ke2 Rxe3+ 53. Kxe3
Kd7 54. b4 Rxc7 55. Rd1+ Kc6 56. Rd3 Ra7 57. Rc3+ Kb5 58. Kd4 Bxa2 59. f4 Kxb4
60. Rc5 Bb3 0-1

[Event "Titled Tue 20th May Early"]
[Site "chess.com INT"]
[Date "2025.05.20"]
[Round "8"]
[White "Demchenko, Anton"]
[Black "Rosen, Eric"]
[Result "0-1"]
[WhiteTitle "GM"]
[BlackTitle "IM"]
[WhiteElo "2619"]
[BlackElo "2377"]
[WhiteFideId "4160258"]
[BlackFideId "2032562"]
[EventDate "2025.05.20"]

1. e4 c5 2. Nc3 Nc6 3. Bb5 Nd4 4. a4 g6 5. Nge2 Bg7 6. d3 e6 7. a5 Ne7 8. Bf4 a6
9. Ba4 O-O 10. Bd6 Re8 11. O-O b6 12. axb6 Qxb6 13. Bf4 Nec6 14. Bxc6 Qxc6 15.
Qd2 Bb7 16. f3 Rac8 17. Kh1 d6 18. Rfc1 Qb6 19. Rab1 Qb4 20. Qd1 Red8 21. Bg5
Rd7 22. Bd2 Qb6 23. Nxd4 cxd4 24. Ne2 Rdc7 25. c4 dxc3 26. bxc3 Qf2 27. Bf4 Be5
28. c4 Bc6 29. Qf1 Qxf1+ 30. Rxf1 a5 31. Kg1 a4 32. Rfc1 Kg7 33. Bxe5+ dxe5 34.
Ra1 Rd7 35. Ra3 Rcd8 36. Rcc3 Rb8 37. Kf2 Rb2 38. Ke1 h5 39. h4 Rdb7 40. Rc1 Kf6
41. Kd1 Ke7 42. Rc2 Rb1+ 43. Nc1 Kd6 44. Kd2 R1b2 45. Ra2 Rb1 46. Kc3 f6 47. Kd2
Kc5 48. Rc3 Be8 49. g3 R1b2+ 50. Rc2 Rb1 51. Ra3 R7b6 52. Na2 Rg1 53. Ke3 Re1+
54. Kf2 Rh1 55. Ke3 Rbb1 56. Nc3 Kb4 57. Raa2 Rhe1+ 58. Kf2 Kb3 59. Nxb1 Rxb1
60. Ke2 a3 61. Kd2 Bc6 62. c5 Rh1 63. Ke3 Rd1 64. Ke2 Rb1 65. Kd2 Rb2 0-1

[Event "Titled Tue 20th May Early"]
[Site "chess.com INT"]
[Date "2025.05.20"]
[Round "8"]
[White "Kononenko, Dmitry2"]
[Black "Weetik, Vjacheslav"]
[Result "1/2-1/2"]
[WhiteTitle "FM"]
[BlackTitle "FM"]
[WhiteElo "2205"]
[BlackElo "2423"]
[WhiteFideId "14113538"]
[BlackFideId "4153472"]
[EventDate "2025.05.20"]

1. d4 Nf6 2. c4 g6 3. Nc3 Bg7 4. g3 d5 5. cxd5 Nxd5 6. Bg2 Nxc3 7. bxc3 c5 8.
Nf3 Nc6 9. e3 O-O 10. O-O Qc7 11. Rb1 b6 12. Bb2 Ba6 13. Re1 Rad8 14. Qa4 Na5
15. Ba3 Bd3 16. Rbc1 Nc4 17. Rcd1 b5 18. Qxb5 cxd4 19. cxd4 Bc2 20. Qc5 Qxc5 21.
Bxc5 Bxd1 22. Rxd1 Rfe8 23. Bf1 Nb6 24. Bb5 Nd7 25. Bxa7 Rf8 26. a4 Ra8 27. Bxd7
Rxa7 28. Bb5 Rc8 29. Ra1 e6 30. Ra2 Bf8 31. Kg2 Bd6 32. h4 Rc3 33. Nd2 Bb4 34.
Ne4 Rb3 35. Ng5 Kg7 36. Rc2 Be7 37. Ne4 Rb4 38. Rc8 e5 39. Nc5 exd4 40. exd4
Rxd4 41. Nd3 Rb7 42. Nf4 Bd6 43. Ne2 Rb4 44. Rd8 Bc5 45. Rc8 Bb6 46. Rc2 Re7 47.
Nf4 Rb3 48. Nd5 Re6 49. Nxb6 Rxb6 50. Rc7 Rb4 51. Rc2 Rb7 52. Ra2 Rd7 53. Be2
Re7 54. Bf3 Ra7 55. a5 Ra6 56. Be2 Ra7 57. a6 Rb6 58. Bf1 Kf6 59. Rd2 Raxa6 60.
Bxa6 Rxa6 61. Re2 h5 62. Rd2 1/2-1/2